Administración, subdesarrollo y estrangulamiento teconologico (Registro nro. 2270)

Detalles MARC
000 -LEADER
fixed length control field 01475 a2200193 4500
001 - CONTROL NUMBER
control field 32386
005 - DATE AND TIME OF LATEST TRANSACTION
control field 20260407155622.0
008 - FIXED-LENGTH DATA ELEMENTS--GENERAL INFORMATION
fixed length control field 260407a1972 arg spa d
003 - CONTROL NUMBER IDENTIFIER
control field AR-UNSa-BCEJYS
040 ## - CATALOGING SOURCE
Original cataloging agency AR-UNSa-BCEJYS
Language of cataloging spa
Transcribing agency AR-UNSa-BCEJYS
080 ## - UNIVERSAL DECIMAL CLASSIFICATION NUMBER
Universal Decimal Classification number 658
Common auxiliary subdivision Administración de empresas. Organización comercial
100 1# - MAIN ENTRY--PERSONAL NAME
Personal name Kliksberg, Bernardo
245 10 - TITLE STATEMENT
Title Administración, subdesarrollo y estrangulamiento teconologico
Name of part/section of a work introducción al caso latinoamericano, elementos para una sociología del subdesarrollo tecnológico latinoamericano
264 #1 - PRODUCTION, PUBLICATION, DISTRIBUTION, MANUFACTURE, AND COPYRIGHT NOTICE
Place of production, publication, distribution, manufacture Buenos Aires :
Name of producer, publisher, distributor, manufacturer Paidós
Date of production, publication, distribution, manufacture, or copyright notice 1972
300 ## - PHYSICAL DESCRIPTION
Extent 240 p.
Dimensions 23 cm.
505 ## - FORMATTED CONTENTS NOTE
Formatted contents note I. Diagnostico de la situación : 1. Fenómenos de la dependencia - 2. Fenómenos de irracionalidad y estancamiento - 3. El proceso global - II.Un caso de legitimidad de los trasplantes: el area de personal: 4. Un mercado de trabajo diferenciado - 5. Area de ilegitimidad de los traslados mecánicos - 6. Motivaciones para trabajar, desarrollo y subdesarrollo - 7. Una conclusión de conjunto - III. Administración en paises subdesarrollados: Los problemas especificos de la empresa industrial uruguaya : 8. Problemas causados a la empresa industrial por el subdesarrollo dependiente - 9. Problemas de la empresa industrial derivados del comportamiento económico, técnico y social de la clase empresaria - 10. Problemática de la administración - IV. Reflexiones finales.
590 ## - LOCAL NOTE (RLIN)
Local note niveau_biblio:m niveau_hierar:0
942 ## - ADDED ENTRY ELEMENTS (KOHA)
Koha item type
Existencias
Withdrawn status Lost status Damaged status Not for loan Home library Current library Shelving location Date acquired Total checkouts Full call number Barcode Date last seen Price effective from Koha item type
        Biblioteca Prof. Eusebio Cleto del Rey Biblioteca Prof. Eusebio Cleto del Rey   07/04/2026   658 K65 L25685 07/04/2026 07/04/2026 Libro
        Biblioteca Prof. Eusebio Cleto del Rey Biblioteca Prof. Eusebio Cleto del Rey   07/04/2026   658 K65 L25686 07/04/2026 07/04/2026 Libro
        Biblioteca Prof. Eusebio Cleto del Rey Biblioteca Prof. Eusebio Cleto del Rey   07/04/2026   658 K65 L26173 07/04/2026 07/04/2026 Libro
        Biblioteca Prof. Eusebio Cleto del Rey Biblioteca Prof. Eusebio Cleto del Rey   07/04/2026   658 K65 L26174 07/04/2026 07/04/2026 Libro
        Biblioteca Prof. Eusebio Cleto del Rey Biblioteca Prof. Eusebio Cleto del Rey   07/04/2026   658 K65 L26175 07/04/2026 07/04/2026 Libro